| 000 | 00866nam a22002177a 4500 | ||
|---|---|---|---|
| 999 |
_c14565 _d14565 |
||
| 003 | AR-CdUCM | ||
| 008 | 190423b ||||| |||| 00| 0 spa d | ||
| 020 | _a978-9972-58-572-2 | ||
| 040 |
_aMUNICIPALIDAD PROVINCIAL DEL CUSCO _cBIBLIOTECA MUNICIPAL DEL CUSCO |
||
| 082 |
_aPI / 803.08 / _bB17 |
||
| 100 |
_aBaldeos Venza, Karina _951180 |
||
| 245 |
_aEl Castor Constructor : _bCuéntame un cuento Miss Rosi 2 / |
||
| 260 |
_aLima : _bEdit. Septiembre SAC, _c2007. |
||
| 300 |
_a6 cuentos ; _bIlustraciones, _c19 cm. _eCD. |
||
| 505 | _aContenido : 1: El gallito que no canta -- 2: El mono feliz -- 3: Un avestruz optimista -- 4: El tiburón y sus amigos -- 5 :La estrellita de mar -- 6: El castor constructor / | ||
| 650 |
_aLiteratura infantil _9588 |
||
| 650 |
_aCuento _94671 |
||
| 650 |
_aCanción _933307 |
||
| 942 |
_2ddc _cLIBROS |
||
| 945 |
_arjall _d2019-04-23 |
||